Ciudadanía indígena: del multiculturalismo a la colonialidad del poder

محفوظ في:
التفاصيل البيبلوغرافية
المؤلف الرئيسي: Garzón López, Pedro (مؤلف)
التنسيق: كتاب
اللغة:الإسبانية
منشور في: Madrid Centro de Estudios Políticos y Constitucionales 2016
الطبعة:1a. ed
سلاسل:Colección Estudios Políticos
الموضوعات:
الوسوم: إضافة وسم
لا توجد وسوم, كن أول من يضع وسما على هذه التسجيلة!

MARC

LEADER 00000cam a2200000 a 4500
001 UCC8989
003 CL-VaPUC
008 190830e20160000sp |||||||||||||||||spa|d
020 |a 9788425916755 
082 0 4 |a 320.01  |b GAR  |2 21 
100 0 |a Garzón López, Pedro  |e author  |9 603731 
245 1 0 |a Ciudadanía indígena: del multiculturalismo a la colonialidad del poder 
250 |a 1a. ed 
300 |a 310 p 
942 |c BK 
945 |d 20190830 10:52:00  |a dcastane 
260 |a Madrid  |b Centro de Estudios Políticos y Constitucionales  |c 2016 
650 0 |a Multiculturalismo  |9 435149 
650 7 |a FILOSOFIA POLITICA  |2 CL-VaPUC  |9 603732 
583 |a last modification  |c 20190830 10:52:00  |k Rodrigo Vera 
490 0 |a Colección Estudios Políticos 
999 |c 375184  |d 375182 
952 |0 0  |1 0  |3 erb  |4 0  |6 320_010000000000000_GAR_2016  |7 0  |8 WP_COW  |9 561128  |a BIBDER  |b BIBDER  |e Fundación W and P Cowley  |i 5597390  |o 320.01 GAR 2016  |p 5597390  |r 2023-01-25  |w 2020-03-12  |y BK  |z Catalogado en:20190830  |k WPC